La tecnología como factor de competitividad (Registro nro. 23241)

Detalles MARC
000 -LEADER
fixed length control field 00543 a2200157 4500
001 - CONTROL NUMBER
control field ART_8039
005 - DATE AND TIME OF LATEST TRANSACTION
control field 20260410161831.0
008 - FIXED-LENGTH DATA ELEMENTS--GENERAL INFORMATION
fixed length control field 260409a
100 1# - MAIN ENTRY--PERSONAL NAME
Personal name Claver Cortés, Enrique
245 10 - TITLE STATEMENT
Title La tecnología como factor de competitividad
700 1# - ADDED ENTRY--PERSONAL NAME
Personal name Llopis Taberner, Juan
700 1# - ADDED ENTRY--PERSONAL NAME
Personal name Molina Manchón, Hipólito
700 1# - ADDED ENTRY--PERSONAL NAME
Personal name Conca Flor, Francisco José
700 1# - ADDED ENTRY--PERSONAL NAME
Personal name Molina Azorín, José Francisco
773 0# - HOST ITEM ENTRY
Title Boletín de estudios económicos
Related parts Estrategia y empresa - Vol. 55, Nº 169 (abr. 2000)
Record control number REV5142

No hay ítems disponibles.